Building control systems
Αποθηκεύτηκε σε:
| Κύριος συγγραφέας: | |
|---|---|
| Μορφή: | Βιβλίο |
| Γλώσσα: | English |
| Δημοσίευση: |
New York :
Wiley,
c1993
|
| Έκδοση: | 2nd ed. |
| Θέματα: | |
| Ετικέτες: |
Προσθήκη ετικέτας
Δεν υπάρχουν, Καταχωρήστε ετικέτα πρώτοι!
|
MARC
| LEADER | 00000nam a2200000 i 4500 | ||
|---|---|---|---|
| 001 | 1/7259 | ||
| 008 | 000620s1993 eng d | ||
| 020 | |a 0-471-57378-7 | ||
| 035 | |l 10062220 | ||
| 040 | |a GR-MY-UA |b gre |e aacr | ||
| 041 | 0 | |a eng | |
| 082 | 0 | |a 696 |2 (21) | |
| 100 | 1 | |a Bradshaw, Vaughn. | |
| 245 | 1 | 0 | |a Building control systems / |c Vaughn Bradshaw ; illustrated by Kenneth E. Miller |
| 250 | |a 2nd ed. | ||
| 260 | |a New York : |b Wiley, |c c1993 | ||
| 300 | |a xvi, 601 p.; |b ill.; |c 29 cm. | ||
| 504 | |a Includes bibliographical references and index | ||
| 650 | 0 | 0 | |a Intelligent buildings. |
| 650 | 0 | 0 | |a Buildings |x Electric equipment. |
| 650 | 0 | 0 | |a Buildings |x Mechanical equipment. |
| 852 | |a INST |b SAMOS |e 20000620 |h 696 BRA |p 005300017211 |q 005300017211 |t BK |y 23 | ||
| 852 | |a INST |b SAMOS |e 20000620 |h 696 BRA |p 005300019841 |q 005300019841 |t BK |y 0 | ||
| 852 | |a INST |b SAMOS |e 20000803 |h 696 BRA |p 005300019919 |q 005300019919 |t BK |y 0 | ||
| 852 | |a INST |b SAMOS |e 20000803 |h 696 BRA |p 005300019920 |q 005300019920 |t BK |y 0 | ||
| 852 | |a INST |b SAMOS |e 20000620 |h 696 BRA |p 005300019921 |q 005300019921 |t BK |y 0 | ||
| 852 | |a INST |b SAMOS |e 20000620 |h 696 BRA |p 005300019922 |q 005300019922 |t BK |y 0 | ||
| 852 | |a INST |b SAMOS |e 20000620 |h 696 BRA |p 005300019924 |q 005300019924 |t BK |y 0 | ||
| 852 | |a INST |b SAMOS |e 20000620 |h 696 BRA |p 005300019927 |q 005300019927 |t BK |y 0 | ||
| 852 | |a INST |b SAMOS |e 20000620 |h 696 BRA |p 005300019929 |q 005300019929 |t BK |y 0 | ||
| 852 | |a INST |b SYROS |e 20000620 |h 696 BRA |p 005500000335 |q 005500000335 |t BK |y 0 | ||
| 901 | |a BIBL3-2000-2 | ||
| 909 | |a Σ |b 068046 | ||
| 909 | |a Σ |b 068047 | ||
| 909 | |a Σ |b 068049 | ||
| 909 | |a Σ |b 068050 | ||
| 909 | |a Σ |b 068051 | ||
| 909 | |a Σ |b 068052 | ||
| 909 | |a Σ |b 068053 | ||
| 909 | |a Σ |b 068054 | ||
| 909 | |a Σ |b 068055 | ||
| 909 | |a Ε |b 068048 | ||
| 922 | |a 3ΕΛΗ |b 200002 |c ΤΠΕΣ/ΠΟΛ |d LEADER | ||
| 922 | |a 5ΕΛΗ |b 200002 |c ΤΠΕΣ/ΠΟΛ |d LEADER | ||
| 970 | |a ΠΟΥΡΝΑΡΑΣ |b ΔΗΜΗΤΡΗΣ |z 2000/06/20 | ||